Movies Quiz

Random Movies Quiz

The Sith Quiz Stats

 Plays Quiz not verified by Sporcle

Score 0/11 Timer 10:00
0 Plays Today
Master Apprentice % Correct
????
100%
????
94.2%
????
83.2%
????
71%
????
70.3%
????
69.7%
????
51.6%
????
50.3%
????
36.1%
????
30.8%
????
26.5%

You're not logged in!

Compare scores with friends on all Sporcle quizzes.
OR
Log In

Show Comments

Extras

Created Feb 15, 2012ReportNominate
Tags:apprentice, era, master, sith

Top Quizzes Today


Score Distribution

Your Account Isn't Verified!

In order to create a playlist on Sporcle, you need to verify the email address you used during registration. Go to your Sporcle Settings to finish the process.

Report this User

Report this user for behavior that violates our Community Guidelines.

Details: